| 000 | 01546ntm a2200253 a 4500 | ||
|---|---|---|---|
| 001 | 37175 | ||
| 003 | BD-RjUL | ||
| 005 | 20211209052603.0 | ||
| 008 | 141026s2012 bg ||||| mb|| 00| 0 ben d | ||
| 035 | _a(BD-RjUL)37277 | ||
| 040 |
_aBD-RjUL _bben _cBD-RjUL _dBD-RjUL |
||
| 041 | _aben | ||
| 082 |
_221 _a297.63092 _bRAH 2012 |
||
| 100 |
_aরহমান,মুহা. আব্দুর _9113706 |
||
| 245 |
_aহিজরী চতুর্থ শতকে সীরাহ্ চর্চা : _bএকটি সমীক্ষা / _cমুহা. আব্দুর রহমান ; _6সুপারভাইজার : মোহাম্মদ আসাদুজ্জামান |
||
| 260 |
_aরাজশাহী : _bইসলামিক স্টাডিজ বিভাগ, রাজশাহী বিশ্ববিদ্যালয়, _c২০১২. |
||
| 300 |
_aix, ৩৮৩ পাতা ; _c২৯ সেসি. |
||
| 502 | _aথিসিস (পিএইচ. ডি.)--ইসলামিক স্টাডিজ বিভাগ, রাজশাহী বিশ্ববিদ্যালয়, ২০১২. | ||
| 504 | _aগ্রন্থপঞ্জি: পাতা [৩৬৬] -৩৮৩ | ||
| 650 |
_bহযরত মুহাম্মদ (স.) _xজীবন চরিত _vইতিহাস _9113751 |
||
| 650 |
_aHazrat Muhammad (SM.) _xBiography _vHistory _9113752 |
||
| 700 |
_a আসাদুজ্জামান, মোহাম্মদ, সুপারভাইজার _9112177 |
||
| 942 |
_2ddc _cTHE |
||
| 999 |
_c37175 _d37175 |
||